Southville International School and Colleges

Organizational development : (Record no. 368191)

000 -LEADER
fixed length control field 00657nam a22001937a 4500
003 - CONTROL NUMBER IDENTIFIER
control field 0
005 - DATE AND TIME OF LATEST TRANSACTION
control field 20251009084321.0
008 - FIXED-LENGTH DATA ELEMENTS--GENERAL INFORMATION
fixed length control field 251009b xxu||||| |||| 00| 0 eng d
020 ## - INTERNATIONAL STANDARD BOOK NUMBER
International Standard Book Number 978-1-5443-7223-5
050 ## - LIBRARY OF CONGRESS CALL NUMBER
Classification number HD 58.8
Item number .A53 2020
100 ## - MAIN ENTRY--PERSONAL NAME
Personal name Anderson, Donald L.,
Relator term author.
245 ## - TITLE STATEMENT
Title Organizational development :
Remainder of title the process of leading organizational change /
Statement of responsibility, etc Donald L. Anderson.
250 ## - EDITION STATEMENT
Edition statement Fifth edition.
260 ## - PUBLICATION, DISTRIBUTION, ETC. (IMPRINT)
Place of publication, distribution, etc Thousand Oaks, California :
Name of publisher, distributor, etc Sage Publications, Inc.,
Date of publication, distribution, etc 2020.
300 ## - PHYSICAL DESCRIPTION
Extent xix, 480 pages ;
Dimensions 26 cm.
504 ## - BIBLIOGRAPHY, ETC. NOTE
Bibliography, etc Includes bibliographical references and index.
650 ## - SUBJECT ADDED ENTRY--TOPICAL TERM
Topical term or geographic name as entry element Organizational change.
942 ## - ADDED ENTRY ELEMENTS (KOHA)
Source of classification or shelving scheme
Koha item type Books
Holdings
Current Location Price effective from Permanent Location Damaged status Source of classification or shelving scheme Shelving location Lost status Full call number Date last seen Withdrawn status Date acquired Koha item type Sub Shelving location Barcode Source of acquisition
College Library2025-10-09College Library  Reserve Section HD 58.8 .A53 20202025-10-09 2025-06-04Books C25323Library Fund
Powered by Koha